| 000 | 00948nam a22002657a 4500 | ||
|---|---|---|---|
| 999 |
_c65128 _d65128 |
||
| 005 | 20240530110808.0 | ||
| 008 | 190318s1997 ua a g b 000 0 ara d | ||
| 017 |
_a97/2237 _bمصر. دار الكتب |
||
| 020 | _a9771926314 | ||
| 040 |
_aEG-CaGPL _cEG-CaGPL |
||
| 082 | 0 | 4 |
_221 _a153.3 / _bم إ |
| 100 | 0 | _aمصرى عبدالحميد حنورة | |
| 245 | 1 | 2 |
_aالابداع من منظور تكاملى / _cمصرى عبدالحميد حنورة |
| 250 | _aط.2 | ||
| 260 |
_aالقاهرة : _bمكتبة الانجلو المصرية ، _c1997. |
||
| 300 |
_a456 ص. : _bجداول ؛ _c24 سم. |
||
| 490 | 0 | _aسلسلة علم النفس الابداعى. | |
| 504 | _aيشتمل على ارجاعات ببليوجرافية | ||
| 650 | 0 | 7 |
_2qrmak _aالابداع |
| 650 | 0 | 7 |
_2qrmak _aالقدرة الخلاقة |
| 650 | 0 | 7 |
_2qrmak _aالموهبة |
| 650 | 0 | 7 |
_2qrmak _aالابتكار |
| 651 | _2qrmak | ||
| 942 |
_2ddc _cBK |
||